[Event "Superettan(Rockaden,Umea-Schack 08)"]
[Site "?"]
[Date "2019.10.20"]
[Round "3"]
[White "Larsson, Johan"]
[Black "Schutz, Ingemar"]
[Result "0-1"]
[WhiteElo "2184"]
[BlackElo "2201"]
[PlyCount "114"]
1. e4 c5 2. Nc3 Nc6 3. f4 g6 4. Nf3 Bg7 5. Bb5 Nd4 6. O-O Nxb5 7. Nxb5 a6 8.
Nc3 b5 9. d3 b4 10. Ne2 d5 11. Qe1 dxe4 12. dxe4 Bb7 13. e5 Nh6 14. Ng3 O-O 15.
Be3 Qc7 16. Ng5 f6 17. N5e4 Qc6 18. Qe2 Nf5 19. Nxf5 Qxe4 20. Nxg7 Kxg7 21.
Rae1 Rac8 22. Bc1 Qxe2 23. Rxe2 f5 24. Rd1 Rfd8 25. Red2 Rxd2 26. Rxd2 Kf7 27.
Kf2 Ke6 28. g3 Bd5 29. b3 c4 30. bxc4 Rxc4 31. Bb2 Be4 32. a3 a5 33. axb4 axb4
34. Ke3 Rc7 35. Rd4 Rxc2 36. Rxb4 Rxh2 37. Rb6+ Kd5 38. Ba3 Rg2 39. Bxe7 Rxg3+
40. Ke2 Rg2+ 41. Ke3 Rg3+ 42. Kd2 Rg2+ 43. Kc3 Rc2+ 44. Kb3 Rc6 45. Rb8 Kd4 46.
Bg5 Bd5+ 47. Kb2 Rc7 48. Rd8 Ke4 49. Rd6 Rc6 50. Rd7 Rb6+ 51. Kc3 h5 52. Ra7
Rc6+ 53. Kb4 Kf3 54. Ra3+ Kg4 55. Kb5 Rc8 56. Re3 h4 57. Kb6 h3 0-1

[Event "Superettan(Kristallen-Orgryte)"]
[Site "?"]
[Date "2019.10.20"]
[Round "3"]
[White "Le, Quang Long"]
[Black "Walinder, Lars"]
[Result "1-0"]
[WhiteElo "2415"]
[BlackElo "2293"]
[PlyCount "83"]
1. c4 e5 2. g3 Nf6 3. Bg2 d5 4. cxd5 Nxd5 5. Nf3 Nc6 6. O-O Nb6 7. Nc3 Be7 8.
b3 O-O 9. Bb2 Bg4 10. h3 Bh5 11. Rc1 f5 12. d3 Bf6 13. Ba3 Be7 14. Bb2 Bf6 15.
Nd2 Qd7 16. b4 Nd4 17. Bxb7 Rad8 18. Bg2 Kh8 19. Nb3 e4 20. Nxd4 Bxd4 21. Qc2
e3 22. f4 Bf7 23. a4 Bxc3 24. Qxc3 Bd5 25. Qxc7 Bxg2 26. Qxd7 Rxd7 27. Kxg2
Nxa4 28. Be5 Nb6 29. Rc5 Kg8 30. Ra1 Ra8 31. Kf3 Kf7 32. b5 Nd5 33. g4 g6 34.
gxf5 gxf5 35. Rg1 Rg8 36. Rxg8 Kxg8 37. Bb8 Kf7 38. Bxa7 Ke6 39. Rc6+ Rd6 40.
Rxd6+ Kxd6 41. Bxe3 Nc3 42. b6 1-0

[Event "Superettan(Vasteras II-Alingsas)"]
[Site "?"]
[Date "2019.10.20"]
[Round "3"]
[White "Agrest, Evgenij"]
[Black "Landgren, Andreas"]
[Result "1-0"]
[WhiteElo "2583"]
[BlackElo "2255"]
[PlyCount "45"]
1. Nf3 d5 2. e3 Nf6 3. c4 e6 4. b3 Be7 5. Bb2 O-O 6. Nc3 b6 7. g3 Bb7 8. Bg2 c5
9. O-O Nc6 10. cxd5 Nxd5 11. Nxd5 exd5 12. d4 Ba6 13. Re1 Nb4 14. Ne5 Bb7 15.
dxc5 bxc5 16. a3 Na6 17. Re2 Nc7 18. Rd2 Qc8 19. Rc1 a5 20. h4 f6 21. Nd3 Ne6
22. Ne1 d4 23. exd4 1-0

[Event "Superettan(Upsala-Kungstornet)"]
[Site "?"]
[Date "2019.10.20"]
[Round "3"]
[White "Lyrberg, Patrik"]
[Black "Burwick, Malte"]
[Result "1/2-1/2"]
[WhiteElo "2460"]
[BlackElo "2256"]
[PlyCount "61"]
1. d4 g6 2. c4 Bg7 3. Nc3 d6 4. e4 Nf6 5. Nf3 O-O 6. Be2 e5 7. d5 a5 8. a3 Nbd7
9. Be3 Ng4 10. Bg5 f6 11. Bd2 Nc5 12. h3 Nh6 13. O-O f5 14. Bg5 Qe8 15. Nd2 a4
16. Be3 Nf7 17. b4 axb3 18. Nxb3 Na6 19. f3 Bh6 20. Bxh6 Nxh6 21. c5 Nf7 22.
exf5 gxf5 23. cxd6 cxd6 24. f4 Qd8 25. Kh2 b6 26. Bb5 Ra7 27. Nd2 Nc5 28. Nc4
Re7 29. Rb1 exf4 30. Rxf4 Ne5 31. Nxe5 1/2-1/2

[Event "Superettan(Kristallen-Orgryte)"]
[Site "?"]
[Date "2019.10.20"]
[Round "3"]
[White "Andersson, Goran L"]
[Black "Pham, Bich Ngoc"]
[Result "0-1"]
[WhiteElo "2275"]
[BlackElo "2244"]
[PlyCount "138"]
1. e4 g6 2. d4 Bg7 3. Nc3 d6 4. Be3 Nc6 5. d5 Nb8 6. Qd2 c5 7. h3 Qa5 8. g4 Nf6
9. a4 h5 10. g5 Nh7 11. Nb5 Qxd2+ 12. Kxd2 Na6 13. c3 O-O 14. Bd3 f5 15. gxf6
Nxf6 16. f3 Bd7 17. h4 Rfc8 18. Bc4 Be8 19. Nh3 Nb8 20. a5 Nbd7 21. Ng5 Ne5 22.
Be2 Bd7 23. Rac1 Nh7 24. Na3 Rf8 25. Rhf1 Nxg5 26. Bxg5 Rf7 27. Nc4 Bh3 28.
Nxe5 Bxe5 29. Rg1 Kg7 30. Ke3 Raf8 31. b4 b6 32. axb6 axb6 33. Kd2 e6 34. Rh1
Rxf3 35. Bxf3 Rxf3 36. Rxh3 Rxh3 37. dxe6 Rf3 38. bxc5 dxc5 39. Ke2 Rf8 40. e7
Re8 41. Rf1 Bd6 42. Rd1 Bxe7 43. Rd7 Kf8 44. Ke3 Bxg5+ 45. hxg5 Rb8 46. Rc7 Kg8
47. c4 h4 48. Rc6 Kf7 49. Rc7+ Ke6 50. Rg7 h3 51. Rxg6+ Ke5 52. Rh6 Ra8 53. g6
Ra3+ 54. Kf2 Kf6 55. g7+ Kxg7 56. Rxb6 Rc3 57. Rc6 Rxc4 58. Kg3 Rc3+ 59. Kh2 c4
60. e5 Kf7 61. e6+ Ke7 62. Kh1 Rc2 63. Kg1 c3 64. Kh1 Kf6 65. Kg1 Ke7 66. Kh1
Rc1+ 67. Kh2 c2 68. Rc3 Kxe6 69. Rxh3 Rd1 0-1

[Event "Superettan(Vasteras II-Alingsas)"]
[Site "?"]
[Date "2019.10.20"]
[Round "3"]
[White "Kretz, Johan"]
[Black "Winsnes, Rikard"]
[Result "0-1"]
[WhiteElo "2215"]
[BlackElo "2375"]
[PlyCount "96"]
1. d4 Nf6 2. c4 g6 3. Nc3 d5 4. cxd5 Nxd5 5. e4 Nxc3 6. bxc3 Bg7 7. Nf3 c5 8.
Rb1 O-O 9. Be2 cxd4 10. cxd4 Qa5+ 11. Qd2 Qxd2+ 12. Bxd2 b6 13. d5 Ba6 14. Bb4
Rc8 15. Bxe7 Re8 16. Bxa6 Nxa6 17. d6 Bf8 18. Bxf8 Rxe4+ 19. Kd2 Kxf8 20. Rhe1
Nc5 21. Rbd1 Rd8 22. Kc2 Rxe1 23. Nxe1 Ne4 24. Rd4 Nxd6 25. Kb3 Ke7 26. Nd3 Nb7
27. Rxd8 Nxd8 28. Kc4 Kd6 29. Kb5 Ne6 30. a4 Nc7+ 31. Kc4 a6 32. f4 Ne6 33. g3
Nc5 34. Nb4 h5 35. h3 a5 36. Nc2 Nxa4 37. Kb5 Nc3+ 38. Kxb6 a4 39. Ka5 Kc5 40.
g4 hxg4 41. hxg4 Kc4 42. f5 Kb3 43. fxg6 fxg6 44. Nd4+ Kb2 45. Kb4 a3 46. Nb3
a2 47. Kc4 Ne4 48. Kb4 Nf2 0-1

[Event "Superettan(Upsala-Kungstornet)"]
[Site "?"]
[Date "2019.10.20"]
[Round "3"]
[White "Nilsson, Joakim"]
[Black "von Bahr, Oskar"]
[Result "0-1"]
[WhiteElo "2305"]
[BlackElo "2395"]
[PlyCount "70"]
1. d4 Nf6 2. c4 g6 3. Nf3 Bg7 4. Nc3 d5 5. cxd5 Nxd5 6. g3 c5 7. Bg2 Nc6 8. e3
cxd4 9. Nxd4 Nxc3 10. bxc3 Bd7 11. O-O Rc8 12. Qe2 O-O 13. Rd1 Na5 14. Rb1 Qc7
15. Nb5 Bxb5 16. Qxb5 Rfd8 17. Rxd8+ Rxd8 18. Ba3 b6 19. Bb4 Nc4 20. Bd5 Nd2
21. Rd1 a6 22. Qe2 Rxd5 23. Rxd2 Rxd2 24. Qxd2 a5 25. Ba3 Bxc3 26. Qd5 Bf6 27.
h4 Kg7 28. h5 Qc3 29. hxg6 fxg6 30. Qb3 b5 31. Qxc3 Bxc3 32. Kf1 b4 33. Bc1 a4
34. Ke2 b3 35. axb3 axb3 0-1

[Event "Superettan(Kristallen-Orgryte)"]
[Site "?"]
[Date "2019.10.20"]
[Round "3"]
[White "Frisk Kockum, Anton"]
[Black "Lindh, Fredrik"]
[Result "1/2-1/2"]
[WhiteElo "2366"]
[BlackElo "2259"]
[PlyCount "239"]
1. d4 Nf6 2. c4 g6 3. Nc3 d5 4. cxd5 Nxd5 5. Bd2 Bg7 6. e4 Nb6 7. Be3 Nc6 8. d5
Ne5 9. Bd4 O-O 10. f4 Ng4 11. Bxg7 Kxg7 12. h3 Nf6 13. Qf3 c6 14. dxc6 bxc6 15.
Rd1 Qc7 16. Bd3 Nfd7 17. Nge2 Nc5 18. O-O a5 19. Bc2 Ba6 20. Qf2 Nbd7 21. Rd2
Qa7 22. Rfd1 Bxe2 23. Nxe2 Nf6 24. Nc3 Rfb8 25. Bb1 Nh5 26. Kh2 Ne6 27. g3
Qxf2+ 28. Rxf2 c5 29. e5 Rd8 30. Rxd8 Rxd8 31. f5 gxf5 32. Bxf5 Nd4 33. Bg4 Kg6
34. Bxh5+ Kxh5 35. Rxf7 Nc6 36. Ne4 Kg6 37. e6 Rd4 38. Rf4 Nb4 39. Nxc5 Rd2+
40. Kg1 Rxb2 41. a3 Nd5 42. Rf3 Rc2 43. Nd3 Nc7 44. Ne5+ Kh6 45. Nf7+ Kg6 46.
Nd8 Rd2 47. Nc6 Nxe6 48. Nxa5 Ng5 49. Re3 Nxh3+ 50. Kf1 Ra2 51. Nc6 e6 52.
Rxe6+ Kf5 53. Re3 Ng5 54. Nd4+ Kg4 55. Ke1 h5 56. Kd1 Nf7 57. Nc2 Rb2 58. a4
Nd6 59. Re6 Ra2 60. Rxd6 Rxa4 61. Rg6+ Kf3 62. Ne1+ Kf2 63. Nd3+ Kf3 64. Ne5+
Ke4 65. Nf7 Kf3 66. Rg5 h4 67. Ne5+ Kf2 68. gxh4 Rd4+ 69. Kc2 Rxh4 70. Kd2 Rd4+
71. Nd3+ Kf3 72. Re5 Rd8 73. Re7 Rd6 74. Re8 Rd7 75. Re3+ Kg4 76. Ke2 Ra7 77.
Re8 Ra2+ 78. Ke3 Ra3 79. Rf8 Kg5 80. Rf1 Kg4 81. Rf4+ Kg5 82. Rb4 Ra8 83. Ke4
Ra1 84. Rb5+ Kf6 85. Rb6+ Kg5 86. Rc6 Ra4+ 87. Ke5 Ra5+ 88. Nc5 Kg4 89. Ke4 Kg5
90. Ne6+ Kg4 91. Nd4 Kg5 92. Nf3+ Kh5 93. Kf4 Ra4+ 94. Kf5 Ra5+ 95. Ne5 Kh4 96.
Rc3 Rb5 97. Ra3 Rd5 98. Kf4 Rd4+ 99. Ke3 Rb4 100. Ra5 Kg3 101. Nd3 Rb3 102. Ke4
Kg4 103. Ke3 Rc3 104. Kd4 Rc8 105. Ke4 Rc4+ 106. Ke3 Rc3 107. Rd5 Ra3 108. Rc5
Rb3 109. Ke4 Ra3 110. Ne5+ Kg3 111. Rc8 Ra4+ 112. Kf5 Ra5 113. Rc3+ Kf2 114.
Rb3 Ra4 115. Nd3+ Ke2 116. Nb4 Ra8 117. Ke4 Re8+ 118. Kd4 Rd8+ 119. Nd5 Kf2
120. Ra3 1/2-1/2

[Event "Superettan(Vasteras II-Alingsas)"]
[Site "?"]
[Date "2019.10.20"]
[Round "3"]
[White "Andreasson, Ingvar"]
[Black "Nordebrink, Johan"]
[Result "1-0"]
[WhiteElo "2329"]
[BlackElo "2117"]
[PlyCount "103"]
1. c4 Nf6 2. Nf3 e6 3. b3 d5 4. Bb2 c5 5. e3 Nc6 6. cxd5 exd5 7. Bb5 Bd7 8. O-O
Bd6 9. d4 cxd4 10. Nxd4 O-O 11. Nc3 Re8 12. Nf3 Bg4 13. Be2 Rc8 14. h3 Bh5 15.
Nb5 Be7 16. Rc1 Qd7 17. Nbd4 Ne4 18. Nxc6 bxc6 19. Qd3 Bc5 20. Nd4 Bg6 21. Qa6
Bb6 22. Nf3 Nc5 23. Qa3 Bd3 24. Bxd3 Nxd3 25. Rc2 c5 26. Ba1 Qf5 27. Rd2 c4 28.
bxc4 dxc4 29. Bc3 Qe4 30. Qa6 Qc6 31. Rb1 Qg6 32. Rb5 h6 33. Nh4 Nc5 34. Qxc8
Rxc8 35. Nxg6 fxg6 36. Rc2 Rc6 37. Kf1 a6 38. Rb1 Ne4 39. Bd4 Ba5 40. Rb8+ Kf7
41. Rb7+ Ke6 42. Rxg7 Kd5 43. Re7 Bc7 44. Ke2 Bd6 45. Re8 Ng5 46. Bc3 Ne4 47.
Bd4 Bc7 48. g4 Ng5 49. Rd2 Ne6 50. Bb6+ Ke5 51. Bxc7+ Rxc7 52. f4+ 1-0

[Event "Superettan(Upsala-Kungstornet)"]
[Site "?"]
[Date "2019.10.20"]
[Round "3"]
[White "Backlund, Anders"]
[Black "Jansson, Borje"]
[Result "1/2-1/2"]
[WhiteElo "2293"]
[BlackElo "2242"]
[PlyCount "104"]
1. d4 d5 2. c4 dxc4 3. Nf3 Nf6 4. e3 g6 5. Bxc4 Bg7 6. O-O O-O 7. Qe2 a6 8. Rd1
b5 9. Bd3 Bb7 10. a4 Nc6 11. axb5 axb5 12. Rxa8 Qxa8 13. Bxb5 Rb8 14. Nc3 Na5
15. Ne1 c6 16. Bd3 c5 17. f3 cxd4 18. exd4 Nb3 19. Be3 Nd5 20. Nxd5 Bxd5 21.
Bc4 Rd8 22. Qd3 Bxc4 23. Qxc4 Qd5 24. Qxd5 Rxd5 25. Nc2 f5 26. Rd3 Nc5 27. Rc3
Ne6 28. Rc4 Kf7 29. Kf1 f4 30. Bf2 g5 31. Ke2 Rb5 32. b4 Rb7 33. Kd3 Nc7 34.
Rc5 e6 35. Rxg5 Nd5 36. Rg4 Bf6 37. g3 h5 38. Rxf4 Nxf4+ 39. gxf4 Ke7 40. Be1
Kd6 41. Ne3 Kc6 42. Bc3 Be7 43. f5 exf5 44. Nxf5 Bxb4 45. Bxb4 Rxb4 46. Ke4 Rb2
47. h4 Re2+ 48. Kf4 Kd5 49. Kg5 Rf2 50. Kf4 Rh2 51. Kg5 Rf2 52. Kf4 Rh2 1/2-1/2

[Event "Superettan(Kristallen-Orgryte)"]
[Site "?"]
[Date "2019.10.20"]
[Round "3"]
[White "Subramanian, Aditya"]
[Black "Torngren, Gustav"]
[Result "1-0"]
[WhiteElo "2179"]
[BlackElo "2227"]
[PlyCount "83"]
1. c4 b6 2. d4 Bb7 3. Nc3 e6 4. a3 f5 5. Bf4 Nf6 6. e3 Be7 7. d5 O-O 8. Be2 Na6
9. Bf3 Nc5 10. Nb5 d6 11. dxe6 Nfe4 12. Ne2 g5 13. Bg3 Nxe6 14. Nbc3 Bf6 15.
Qc2 N6c5 16. h4 g4 17. Bxe4 fxe4 18. O-O-O Nd3+ 19. Kb1 Qd7 20. Nf4 Qf5 21. Ka2
Ba6 22. Ncd5 Ne5 23. Rd4 Bd8 24. Qxe4 c6 25. Qxf5 Rxf5 26. Nc3 Nxc4 27. Ne6 Kf7
28. Ng5+ Bxg5 29. hxg5 Kg7 30. b3 Ne5 31. Rxd6 Nf7 32. Rxc6 Bb7 33. Rc7 Bxg2
34. Rd1 a5 35. Rdd7 Rf8 36. e4 Rf3 37. e5 Re8 38. Ne4 Kh8 39. Nf6 Rxf6 40. gxf6
Ng5 41. Bf4 Ne6 42. Rxh7+ 1-0

[Event "Superettan(Vasteras II-Alingsas)"]
[Site "?"]
[Date "2019.10.20"]
[Round "3"]
[White "Janse, Love"]
[Black "Agrest, Inna"]
[Result "1/2-1/2"]
[WhiteElo "2237"]
[BlackElo "2320"]
[PlyCount "108"]
1. e4 e5 2. Nc3 Nc6 3. Bc4 Nf6 4. d3 Bc5 5. f4 exf4 6. Bxf4 d6 7. Nf3 Bg4 8.
Na4 Nd4 9. Nxc5 dxc5 10. c3 Ne6 11. Be3 Qe7 12. Qe2 Nd7 13. Qf2 Bxf3 14. gxf3
Ne5 15. O-O-O O-O-O 16. Bd5 c6 17. Bxe6+ Qxe6 18. d4 Ng6 19. Kb1 f5 20. d5 cxd5
21. exd5 Rxd5 22. Bxc5 b6 23. Bd4 Rhd8 24. Rhe1 Qd7 25. Rd2 Kb7 26. Rde2 Qa4
27. h4 Nf4 28. Re7+ R5d7 29. Qd2 Nd5 30. Rxg7 Rxg7 31. Bxg7 Qxh4 32. Bd4 Rd7
33. a3 Nc7 34. Qe2 h5 35. Bf2 Qd8 36. Bd4 Qh4 37. Bf2 Qd8 38. Bd4 Qg8 39. Rg1
Qd5 40. Rg5 Ne6 41. Rg8 Rd8 42. Rxd8 Nxd8 43. Qe7+ Ka6 44. Qe8 h4 45. Qe2+ Kb7
46. Qe7+ Ka6 47. Qxh4 Nc6 48. Qf4 Na5 49. Qe3 Nc4 50. Qe2 Kb7 51. Qe7+ Ka6 52.
Qe8 Kb7 53. Qe7+ Ka6 54. Qe8 Kb7 1/2-1/2

[Event "Superettan(Upsala-Kungstornet)"]
[Site "?"]
[Date "2019.10.20"]
[Round "3"]
[White "Malm Lindberg, Henrik"]
[Black "Glimbrant, Torbjorn"]
[Result "0-1"]
[WhiteElo "2194"]
[BlackElo "2225"]
[PlyCount "134"]
1. e4 e6 2. d4 d5 3. Nc3 Bb4 4. e5 b6 5. h4 Qd7 6. h5 h6 7. Qg4 Bf8 8. a4 Nc6
9. Nf3 Bb7 10. Nh4 O-O-O 11. Qd1 Bb4 12. f4 Nge7 13. Rh3 Kb8 14. Bb5 a6 15. Be2
Rdg8 16. Nf3 g6 17. Kf2 Nf5 18. Na2 Bf8 19. c3 gxh5 20. Bd3 Rg4 21. Bxf5 exf5
22. Rxh5 Rhg8 23. Rh2 Na5 24. b3 c5 25. Rb1 Kc7 26. Be3 c4 27. b4 Nb3 28. Nc1
Qxa4 29. Nxb3 cxb3 30. Qxb3 Qb5 31. Qc2 Bc8 32. Nh4 Qd7 33. Qd3 Qe6 34. Ra1 Kb8
35. Ra2 Be7 36. Nf3 Qg6 37. Kf1 h5 38. Qe2 Bb7 39. Qd3 h4 40. Qe2 Qc6 41. Qd3
Bc8 42. Kf2 Qg6 43. Kf1 Rg3 44. Qe2 Qg4 45. Ne1 Qxe2+ 46. Kxe2 Bd7 47. Kf2 Bb5
48. Nf3 R3g4 49. Bd2 Kb7 50. Ra1 Kc7 51. Rah1 Bd3 52. Ng5 Bxg5 53. fxg5 Be4 54.
Rxh4 Rxg2+ 55. Ke1 Kc6 56. R1h2 Rxh2 57. Rxh2 Rg7 58. Rh6+ Kb5 59. e6 fxe6 60.
Rxe6 a5 61. bxa5 bxa5 62. g6 f4 63. Bxf4 Rxg6 64. Rxg6 Bxg6 65. Bd6 Kc4 66. Kd2
a4 67. Kc1 Kb3 0-1

[Event "Superettan(Schack 08-Upsala)"]
[Site "?"]
[Date "2019.10.19"]
[Round "2"]
[White "Sittenfeld, Johan"]
[Black "Ottenklev, Niclas"]
[Result "1/2-1/2"]
[WhiteElo "2153"]
[BlackElo "2193"]
[PlyCount "133"]
1. d4 f5 2. Nf3 g6 3. g3 Nf6 4. Bg2 Bg7 5. O-O O-O 6. c4 d6 7. Nc3 Nc6 8. d5
Na5 9. Nd2 c5 10. Rb1 e5 11. dxe6 Bxe6 12. Nd5 Nc6 13. b3 Qd7 14. Bb2 Ne5 15.
Qc2 Rad8 16. Nxf6+ Bxf6 17. Rbd1 Qf7 18. Nb1 Nc6 19. Nc3 Qg7 20. Ba1 a6 21. e3
g5 22. Nd5 Bxa1 23. Rxa1 Kh8 24. f4 g4 25. Rad1 Rfe8 26. Rfe1 Bc8 27. Qc3 h5
28. Kf2 Be6 29. Qxg7+ Kxg7 30. Nc3 Kf6 31. Bxc6 bxc6 32. e4 h4 33. Rxd6 hxg3+
34. hxg3 Rxd6 35. e5+ Ke7 36. exd6+ Kxd6 37. Na4 Rh8 38. Kg2 Bc8 39. Rd1+ Kc7
40. Nxc5 Re8 41. Kf2 Rh8 42. Kg2 Re8 43. Rd2 Re1 44. Nd3 Ra1 45. Ne5 c5 46. Kf2
a5 47. Nf7 Be6 48. Nd6 Bd7 49. a4 Rb1 50. Rd3 Rb2+ 51. Kf1 Rb1+ 52. Ke2 Rb2+
53. Kd1 Rg2 54. Nb5+ Bxb5 55. axb5 Kb6 56. Rd6+ Kb7 57. Rd5 Rxg3 58. Rxc5 Rxb3
59. Rxf5 a4 60. Kc2 g3 61. Rg5 Rf3 62. Kb2 Kb6 63. f5 Kc5 64. b6 Kxc4 65. b7
Rb3+ 66. Ka2 Rb6 67. Rxg3 1/2-1/2

[Event "Superettan(Rockaden,Umea-Kristallen)"]
[Site "?"]
[Date "2019.10.19"]
[Round "2"]
[White "Ostling, Hakan"]
[Black "Eriksson, Jorgen"]
[Result "1/2-1/2"]
[WhiteElo "2143"]
[BlackElo "2181"]
[PlyCount "76"]
1. f4 d5 2. Nf3 g6 3. g3 Bg7 4. Bg2 Nc6 5. O-O Bg4 6. d3 Bxf3 7. Bxf3 e6 8. c3
Nge7 9. Qc2 O-O 10. e4 Qd7 11. Be3 Rad8 12. Bc5 Rfe8 13. Na3 b6 14. Bf2 Nb8 15.
Rad1 c5 16. h4 Nbc6 17. e5 f6 18. exf6 Bxf6 19. Rde1 e5 20. Qc1 Qf5 21. Qd1 Qd7
22. Bg4 Nf5 23. fxe5 Rxe5 24. Nc2 Rf8 25. Be3 Nxe3 26. Nxe3 Qd6 27. Ng2 Rxe1
28. Qxe1 Be5 29. Rxf8+ Kxf8 30. Kh2 Kg7 31. Bf3 Ne7 32. Ne3 Nf5 33. Nxf5+ gxf5
34. Kh3 d4 35. c4 Bf6 36. Bd5 Qe5 37. Qf2 Be7 38. Qf4 Qxf4 1/2-1/2

[Event "Superettan(Schack 08-Upsala)"]
[Site "?"]
[Date "2019.10.19"]
[Round "2"]
[White "Nyander, Joakim"]
[Black "Marttala, Thomas"]
[Result "0-1"]
[WhiteElo "2278"]
[BlackElo "2113"]
[PlyCount "90"]
1. Nf3 Nf6 2. c4 g6 3. b4 Bg7 4. Bb2 O-O 5. g3 c6 6. Bg2 d5 7. Na3 a5 8. b5
dxc4 9. bxc6 Nxc6 10. Nxc4 Be6 11. Rc1 h6 12. O-O a4 13. d3 Ra6 14. a3 b5 15.
Ne3 Qd6 16. Nc2 Nd7 17. Bxg7 Kxg7 18. Rb1 Bb3 19. Nd2 Nc5 20. Nxb3 Nxb3 21. e3
Rc8 22. Qe2 Ra7 23. h4 h5 24. Rb2 Rd7 25. d4 Rb8 26. Bxc6 Qxc6 27. Rfb1 e6 28.
Na1 Qc4 29. Nxb3 axb3 30. Qd1 Ra7 31. Qxb3 Qxb3 32. Rxb3 Rba8 33. Rxb5 Rxa3 34.
R1b2 R8a7 35. Kg2 R7a6 36. Rc2 Ra7 37. Kf3 Kf6 38. Rb6 R7a5 39. Rbc6 Kg7 40.
Ke4 Ra7 41. Ke5 R3a5+ 42. R6c5 Ra4 43. Rd2 R7a6 44. Rb5 Rc6 45. Rc5 f6+ 0-1

[Event "Superettan(Rockaden,Umea-Kristallen)"]
[Site "?"]
[Date "2019.10.19"]
[Round "2"]
[White "Larsson, Johan"]
[Black "Hesselborn, Per Ove"]
[Result "1-0"]
[WhiteElo "2184"]
[BlackElo "2133"]
[PlyCount "69"]
1. e4 g6 2. d4 Bg7 3. Nf3 d6 4. Bc4 Nc6 5. O-O Nf6 6. Qe2 Bg4 7. c3 O-O 8. h3
Bxf3 9. Qxf3 e5 10. d5 Nb8 11. Be3 Nbd7 12. Nd2 Ne8 13. Bd3 Bf6 14. b4 Bg5 15.
c4 Ng7 16. c5 f5 17. Nc4 fxe4 18. Qxe4 Bxe3 19. Qxe3 Nf6 20. Be4 Nxe4 21. Qxe4
Rf4 22. Qc2 Nf5 23. Ne3 Qd7 24. c6 bxc6 25. dxc6 Qe6 26. b5 Nd4 27. Qd3 d5 28.
a4 Rff8 29. Rae1 a6 30. Ng4 axb5 31. Rxe5 Qd6 32. Qxd4 Rxa4 33. Qxd5+ Qxd5 34.
Rxd5 Rc4 35. Ne5 1-0

[Event "Superettan(Schack 08-Upsala)"]
[Site "?"]
[Date "2019.10.19"]
[Round "2"]
[White "Dolata, Henryk"]
[Black "Bjorkeroth, Johan"]
[Result "0-1"]
[WhiteElo "2068"]
[BlackElo "2147"]
[PlyCount "86"]
1. e4 c6 2. d4 d5 3. Nc3 dxe4 4. Nxe4 Bf5 5. Ng3 Bg6 6. N1e2 e6 7. Nf4 Bd6 8.
Nxg6 hxg6 9. Ne4 Be7 10. g3 Nd7 11. Bg2 Ngf6 12. O-O Nxe4 13. Bxe4 Nf6 14. Bg2
Qb6 15. c3 Rd8 16. b4 O-O 17. Qc2 Nd5 18. f4 Bf6 19. Bxd5 cxd5 20. Qd3 Rc8 21.
Bd2 Rc4 22. Kg2 Qa6 23. Rf2 Qa3 24. Be1 Bxd4 25. Rc2 Rfc8 26. Rac1 Bf6 27. Qd2
Qa4 28. Qe2 d4 29. g4 dxc3 30. g5 Bd4 31. h4 Qxb4 32. h5 Qd6 33. hxg6 fxg6 34.
Bg3 Qd5+ 35. Kh3 Kf7 36. Kg4 Qf5+ 37. Kf3 Qd5+ 38. Kg4 e5 39. Re1 exf4 40. Bxf4
Qf5+ 41. Kg3 Bf2+ 42. Qxf2 Rh8 43. Qe2 Qh3+ 0-1

[Event "Superettan(Rockaden,Umea-Kristallen)"]
[Site "?"]
[Date "2019.10.19"]
[Round "2"]
[White "Naslund, Mikael"]
[Black "Krantz, Christopher"]
[Result "1/2-1/2"]
[WhiteElo "2164"]
[BlackElo "2217"]
[PlyCount "101"]
1. d4 d5 2. c4 dxc4 3. Nf3 Nf6 4. e3 Bg4 5. Bxc4 e6 6. O-O a6 7. Be2 Nc6 8. b3
Bd6 9. Bb2 O-O 10. Nbd2 Qe7 11. Nc4 Ne4 12. Nxd6 Qxd6 13. Rc1 Rad8 14. h3 Bh5
15. a3 f5 16. Qc2 Qe7 17. Ne5 Nxe5 18. Bxh5 Nc6 19. Be2 Ra8 20. Bc4 Rfd8 21.
Rfd1 Qf7 22. b4 Rac8 23. Qb3 Rd6 24. d5 Nd8 25. dxe6 Qe7 26. Be5 Rd2 27. f3 b5
28. Bd5 Rxd1+ 29. Qxd1 Ng5 30. Rxc7 Rxc7 31. Bxc7 Ndxe6 32. Be5 Nf7 33. Bb2 Kf8
34. Qb3 Nc7 35. Bxf7 Qxf7 36. Qxf7+ Kxf7 37. Kf2 g6 38. Ke2 Nd5 39. Bd4 Ke6 40.
g4 Nc7 41. e4 fxe4 42. fxe4 Ne8 43. Bc5 Nf6 44. Ke3 h5 45. Bd4 hxg4 46. h4 Nh5
47. Ba7 Kd6 48. Bd4 Ke6 49. Ba7 Kd6 50. Bb8+ Ke6 51. Ba7 1/2-1/2

[Event "Superettan(Schack 08-Upsala)"]
[Site "?"]
[Date "2019.10.19"]
[Round "2"]
[White "Wikstrom, Per"]
[Black "Lanin, Boris"]
[Result "1-0"]
[WhiteElo "2157"]
[BlackElo "1987"]
[PlyCount "137"]
1. d4 Nf6 2. Bf4 g6 3. e3 Bg7 4. Be2 c5 5. c3 Qb6 6. Qb3 Nc6 7. Nd2 cxd4 8.
exd4 Qxb3 9. axb3 Nd5 10. Bg3 d6 11. Bf3 Nc7 12. Nc4 O-O 13. Ne2 Bd7 14. O-O
Nb5 15. Rfe1 Rfe8 16. Rad1 Rad8 17. Nc1 Bf5 18. d5 Nb8 19. Bh4 Kf8 20. g4 Bc8
21. Re3 Bf6 22. Bxf6 exf6 23. Nd3 Rxe3 24. Nxe3 Nd7 25. Be2 a6 26. f4 Re8 27.
Kf2 Nb6 28. Bf3 Re7 29. Ne1 Nd7 30. c4 Nc7 31. Nd3 Re8 32. b4 b6 33. Rc1 Rd8
34. c5 bxc5 35. bxc5 Nxc5 36. Nxc5 dxc5 37. Rxc5 Nb5 38. Be2 Bd7 39. Bxb5 axb5
40. Ke2 Ke7 41. Rc7 Kd6 42. Ra7 Rc8 43. Ra6+ Ke7 44. Kd3 Rc1 45. Kd4 Rb1 46.
d6+ Kd8 47. Ra8+ Bc8 48. Nd5 Kd7 49. Nxf6+ Kxd6 50. Rxc8 Rxb2 51. Nxh7 Rxh2 52.
Nf6 Rd2+ 53. Ke3 Rb2 54. Ne4+ Kd5 55. Rc5+ Ke6 56. g5 Rb3+ 57. Ke2 Rb2+ 58. Kf3
Rb3+ 59. Kg4 Rb1 60. Re5+ Kd7 61. Nf6+ Kd6 62. Ne4+ Kd7 63. Rd5+ Kc6 64. Rd6+
Kc7 65. Rf6 b4 66. Rxf7+ Kb6 67. Rf6+ Kb5 68. Rxg6 Rg1+ 69. Kf5 1-0

[Event "Superettan(Rockaden,Umea-Kristallen)"]
[Site "?"]
[Date "2019.10.19"]
[Round "2"]
[White "Mardell, Jonas"]
[Black "Persson, Andreas"]
[Result "1-0"]
[WhiteElo "2056"]
[BlackElo "2078"]
[PlyCount "53"]
1. e4 e5 2. Nc3 Nf6 3. Nf3 Nc6 4. d4 exd4 5. Nxd4 Bb4 6. Nxc6 bxc6 7. Bd3 d5 8.
O-O O-O 9. Bg5 Bxc3 10. bxc3 dxe4 11. Bxf6 Qxf6 12. Bxe4 Ba6 13. Re1 Rad8 14.
Qh5 g6 15. Qa5 Bc4 16. Qxc7 Qxc3 17. Qxa7 Rfe8 18. Qe3 Qb2 19. Qc1 Qf6 20. Bf3
Rxe1+ 21. Qxe1 Rd2 22. Rc1 Rd6 23. a4 Qb2 24. h3 Re6 25. Qd2 h5 26. Rd1 Kh7 27.
Qf4 1-0

[Event "Superettan(Orgryte-Rockaden,Sthlm II)"]
[Site "?"]
[Date "2019.10.19"]
[Round "2"]
[White "Zadruzny, Nicolaj"]
[Black "Frisk Kockum, Anton"]
[Result "1-0"]
[WhiteElo "2278"]
[BlackElo "2366"]
[PlyCount "103"]
1. Nf3 g6 2. e4 c5 3. d4 cxd4 4. Nxd4 Nc6 5. c4 Bg7 6. Be3 Nf6 7. Nc3 O-O 8.
Be2 d6 9. O-O Bd7 10. Qd2 Nxd4 11. Bxd4 Bc6 12. f3 a5 13. b3 Nd7 14. Be3 f5 15.
exf5 Rxf5 16. f4 Nc5 17. Rad1 Rf8 18. Bg4 Kh8 19. Bf3 Bxf3 20. Rxf3 Rc8 21. Nb5
a4 22. Bd4 axb3 23. Bxg7+ Kxg7 24. axb3 Rf6 25. Re1 Qf8 26. Rfe3 e5 27. fxe5
dxe5 28. Rxe5 Rd8 29. Re7+ Kg8 30. Qe3 Nd7 31. Nc7 Rf7 32. Nd5 Rxe7 33. Nxe7+
Kg7 34. Nd5 Qc5 35. Qxc5 Nxc5 36. Re7+ Kh6 37. b4 Nd7 38. h4 g5 39. Re6+ Kh5
40. Rd6 Kxh4 41. Nb6 Nxb6 42. Rxd8 g4 43. Rd4 Kg3 44. c5 Na4 45. Rd7 h5 46.
Rxb7 Nc3 47. c6 h4 48. c7 h3 49. gxh3 gxh3 50. c8=Q h2+ 51. Kh1 Ne4 52. Rg7+
1-0

[Event "Superettan(Kungstornet-Alingsas)"]
[Site "?"]
[Date "2019.10.19"]
[Round "2"]
[White "Agrest, Evgenij"]
[Black "Backlund, Anders"]
[Result "1-0"]
[WhiteElo "2583"]
[BlackElo "2293"]
[PlyCount "125"]
[SourceDate "2019.10.31"]
1. Nf3 c5 2. c4 Nc6 3. d4 cxd4 4. Nxd4 g6 5. Nc2 Bg7 6. e4 Nf6 7. Nc3 O-O 8.
Be2 d6 9. O-O Nd7 10. Bd2 Nc5 11. b4 Ne6 12. Rc1 Ned4 13. Nxd4 Nxd4 14. Be3
Nxe2+ 15. Qxe2 b6 16. Nd5 Bb7 17. Rfd1 e6 18. Nc3 Qe7 19. a3 Rfd8 20. Bd4 Bh6
21. Rc2 Rac8 22. f3 Bc6 23. a4 Rd7 24. Ra1 Rdc7 25. a5 bxa5 26. Rxa5 Be8 27.
Na2 e5 28. Be3 Bxe3+ 29. Qxe3 a6 30. c5 dxc5 31. Raxc5 a5 32. Qc1 Rxc5 33. Rxc5
Rxc5 34. bxc5 Bc6 35. Qc3 Qd8 36. Kf2 Qh4+ 37. Kf1 Qxh2 38. Qxa5 Qh1+ 39. Kf2
Qd1 40. Qa3 f6 41. Nb4 Qd7 42. Ke1 Kf8 43. Qa1 Ba4 44. Nd5 Qb5 45. Qc3 Kf7 46.
Nb4 Qa5 47. Kf2 Bd7 48. c6 Bc8 49. c7 f5 50. Qc4+ Kf6 51. Nd5+ Kg5 52. Qc1+ f4
53. g3 Qa2+ 54. Kg1 Qa7+ 55. Kh1 Qf2 56. gxf4+ Kh4 57. Qg1 Qxf3+ 58. Qg2 Qd1+
59. Kh2 exf4 60. Qf2+ Kh5 61. Qxf4 g5 62. Qf7+ Kg4 63. Ne3+ 1-0